000 00771nam a22002537a 4500
001 43274
003 UA-OsUOA
005 20220501183803.0
007 ta
008 20061218b un ||||| |||| 00| 0 ukr d
020 _a5282-02446-2
040 _aUA-OsUOA
_brus
_cUA-OsUOA
_dUA-OsUOA
041 _arus
080 _a658.5(470+571)
090 _a658.5(470+571)
_bГ65
100 _aГончаров М. И.
245 _aКонсалтинг в антикризисном управлении: теория и практика
260 _aМ.
_bЭкономика
_c2006
300 _a245 с.
650 7 _a658.5 Організація та планування виробництва
_2UDC
700 _aЛемзяков Г.А.
942 _cBK
_2udc
955 _a2
999 _c329406
_d329406